|
|
|
|
| LEADER |
00580cam a2200169 7i4500 |
| 001 |
0000039470 |
| 005 |
20050420090000.0 |
| 020 |
# |
0 |
|a 3540439455
|
| 090 |
0 |
0 |
|a TK 2960
|b T422
|
| 245 |
0 |
0 |
|a Thin-film solar cells :
|b next generation photovoltaics and its applications
|c Yoshihiro Hamakawa (ed.).
|
| 260 |
# |
# |
|a New York:
|b Springer,
|c 2004.
|
| 300 |
# |
# |
|a xv, 244 p.:
|b ill.;
|c 24 cm..
|
| 490 |
0 |
0 |
|a Springer series in photonics;
|v v.13
|
| 650 |
0 |
0 |
|a Thin films
|
| 650 |
0 |
0 |
|a Photovoltaic power generation
|
| 700 |
1 |
1 |
|a Hamakawa,
|h Yoshihiro
|
| 999 |
|
|
|a 1100029163
|b Book
|c Open Shelf
|e KOLEKSI TERBUKA
|